Europäische Metropolen KI Bilder - Statistiken

Allgemein
  • Dieses Quiz wurde 167 mal gespielt
  • Das Durchschnittsergebnis liegt bei 11 aus 16
Antwortstatistiken
Bildquiz Antwort % Korrekt
Paris
98%
Amsterdam
97%
Berlin
97%
London
97%
Moskau
97%
Rom
95%
Athen
90%
Wien
76%
Istanbul
75%
Prag
70%
Stockholm
55%
Mailand
49%
Hamburg
45%
Kiew
45%
Neapel
28%
Zagreb
21%
Keine übereinstimmenden Quizze gefunden
Verteilung der Resultate
Anzahl Personen mit jedem Resultat
Perzentil nach korrekt beantworteten Fragen
Ihre Resultats-Entwicklung
Sie haben dieses Quiz noch nicht gespielt